[Event "FRA-ch U12 Girls"]
[Site "Vichy"]
[Date "2025.04.27"]
[Round "1"]
[White "El Zein, Bassam"]
[Black "Valdivia Masson, Adrien"]
[Result "1-0"]
[WhiteElo "2014"]
[BlackElo "1660"]
[PlyCount "85"]
[EventDate "2025.04.27"]
[EventType "swiss"]
[EventRounds "9"]
[EventCountry "FRA"]
[SourceTitle "CB19_2025"]
[SourceDate "2025.05.07"]
[SourceVersion "1"]
[SourceVersionDate "2025.05.07"]
[SourceQuality "1"]

1. e4 c5 2. Nf3 d6 3. d3 Nc6 4. g3 g6 5. Bg2 Bg7 6. 0-0 Nf6 7. c3 0-0 8. Re1 e5 9. a3 a5 10. a4 Qb6 11. Na3 Be6 12. Nd2 Rad8 13. Ndc4 Bxc4 14. Nxc4 Qc7 15. Be3 Rfe8 16. Rc1 Qe7 17. f4 Nd7 18. Qb3 Rb8 19. Bh3 h5 20. f5 g5 21. Bf2 f6 22. Nxd6+ Kh8 23. Nxe8 Qxe8 24. Qe6 Qc8 25. Qf7 Qe8 26. Qxe8+ Rxe8 27. Rcd1 g4 28. Bf1 Re7 29. d4 exd4 30. cxd4 cxd4 31. Bxd4 Nde5 32. Bxe5 Nxe5 33. Be2 Bh6 34. Kf2 Rc7 35. Rd8+ Kh7 36. Red1 Rc2 37. Kf1 Rxb2 38. Rc8 Ra2 39. Rb1 Bg7 40. Rxb7 Ra1+ 41. Kf2 Ra2 42. Rcc7 Nd3+ 43. Ke3 1-0